000 00629cam a2200181 i 4500
005 20260428081523.0
008 250721s2017 ua gr 000 0 ara d
020 _a9789774366160
082 1 4 _a500.079
_bس ل ى
100 1 _aسليمان، صبحي
_eمؤلف.
245 1 0 _a1000 سؤال وجواب في العلوم /
_cصبحي سليمان.
264 3 1 _aالجيزة :
_bالعالمية للكتب والنشر؛
_bمكتبة النافذة ،
_c2017.
300 _a127 صفحة.
650 1 7 _aالعلوم.
650 1 7 _aالاسئلة والاجوبة.
942 _2ddc
_cBK
999 _c136444
_d136444